• 首页
  • 本馆介绍
  • 公告通知
  • 最新文献
  • 馆藏检索
  • 电子资源
  • 读者导购
  • 参考咨询
  • 我的图书馆
  • 登录
  • 详细信息显示
  • 放入我的书架
  • 预约/预借图书
  • 作者相关作品
  • 分类相关作品
  • 丛书相关作品
  • 出版社相关作品

书目信息

  • 表格格式
  • 工作单格式
  • 卡片格式
书名: A short guide to writing about social science
作者: Lee Cuba.
分册号:
分册名:
出版地: New York :
 
出版社: Longman
出版时间: c1997.
页数: xiii, 212 p. ;
开本: 21 cm.
丛书名:
中图分类号:
科图分类号:
其他分类号: C3
主题词:
电子资源:
000 00792cam 2200253 a 4500
001 E0733119243
005 20070323091855.03
008 0106201997 nyu b 001 0 eng
010    @a 2001038246
020    @a032107842X (alk. paper).
040    @aDLC@cDLC@dC#P@dCIN
050 00 @aH91@b.C78 2001
082 00 @a808/.0663 @2 21
090    @aC3
099    @dC3@ex6=3
100 1  @aCuba, Lee J.
245 12 @aA short guide to writing about social science / @cLee Cuba.
250    @a3th ed.
260    @aNew York :@bLongman,@cc1997.
300    @axiii, 212 p. ;@c21 cm.
490 0  @aThe short guide series
504    @aIncludes bibliographical references (p. 227-228) and index.
650  0 @aSocial sciences@xAuthorship.
650  0 @aEnglish language@xTechnical English.
    
    A short guide to writing about social science / / Lee Cuba.-3th ed.-New York : : Longman, , c1997.
    xiii, 212 p. ; ; 21 cm.- (The short guide series )
    Includes bibliographical references (p. 227-228) and index.
    
    ISBN 032107842X (alk. paper).
    
●
相关链接 在E读中查询图书 在五车中查询图书 在当当中查询图书 在豆瓣中查询图书


正题名:short guide to writing about social science     索取号:C3/x6=3         预约/预借

序号 登录号 条形码 馆藏地/架位号 状态 备注
1 0003599   300035995   第二样本阅览室/ [索取号:C3/x6=3] 在馆    
2 0003600   300036002   第四借阅区/ [索取号:C3/x6=3] 在馆    
3 0003601   300036011   密集书库/ [索取号:C3/x6=3] 在馆    
4 0003602   300036020   密集书库/ [索取号:C3/x6=3] 在馆    
5 0003603   300036039   第四借阅区/ [索取号:C3/x6=3] 在馆    
唐山师范学院图书馆 欢迎您!
大连网信软件有限公司© 版权所有